TB. OF COMMUNITY HEALTH NURSING FOR GNM (Record no. 6810)

MARC details
000 -LEADER
fixed length control field 00344nam a2200133Ia 4500
008 - FIXED-LENGTH DATA ELEMENTS--GENERAL INFORMATION
fixed length control field 150301s2014 xx 000 0 und d
082 ## - DEWEY DECIMAL CLASSIFICATION NUMBER
Classification number 610.734
Item number C14J
100 ## - MAIN ENTRY--PERSONAL NAME
Personal name GULANI, K.K.
245 ## - TITLE STATEMENT
Title TB. OF COMMUNITY HEALTH NURSING FOR GNM
260 ## - PUBLICATION, DISTRIBUTION, ETC. (IMPRINT)
Name of publisher, distributor, etc. KUMAR PUB.
Date of publication, distribution, etc. 2014
300 ## - PHYSICAL DESCRIPTION
Extent 479
650 ## - SUBJECT ADDED ENTRY--TOPICAL TERM
Topical term or geographic name as entry element COMMUNITY HEALTH NURSING
942 ## - ADDED ENTRY ELEMENTS (KOHA)
Source of classification or shelving scheme Dewey Decimal Classification
Koha item type Books
Koha issues (borrowed), all copies 114
Holdings
Withdrawn status Lost status Source of classification or shelving scheme Damaged status Not for loan Collection code Home library Current library Shelving location Date acquired Source of acquisition Cost, normal purchase price SGTU Bill Number Total Checkouts Total Renewals Full call number Barcode Date last seen Date last checked out Bill Date Koha item type Checked out
    Dewey Decimal Classification     NURSING SGT Medical Library SGT Medical Library Text Book 02/07/2015 ABC DELHI 350.00 SGTU 5533 38 4 610.734 C14J FN2701 18/12/2024 04/12/2024 25/03/2015 Books  
    Dewey Decimal Classification     NURSING SGT Medical Library SGT Medical Library Text Book 02/07/2015 ABC DELHI 350.00 SGTU 5533 66 2 610.734 C14J FN2702 04/08/2025 23/06/2025 25/03/2015 Books  
    Dewey Decimal Classification     NURSING SGT Medical Library SGT Medical Library Text Book 02/07/2015 ABC DELHI 350.00 SGTU 5533 44   610.734 C14J FN2703 23/06/2025 23/06/2025 25/03/2015 Books  
    Dewey Decimal Classification     NURSING SGT Medical Library SGT Medical Library Text Book 02/07/2015 ABC DELHI 350.00 SGTU 5533 36   610.734 C14J FN2704 10/03/2025 10/03/2025 25/03/2015 Books 24/03/2025
    Dewey Decimal Classification     NURSING SGT Medical Library SGT Medical Library Text Book 02/07/2015 ABC DELHI 350.00 SGTU 5533 50 1 610.734 C14J FN2705 15/04/2026 15/04/2026 25/03/2015 Books